| 000 | 00329nam a22001337a 4500 | ||
|---|---|---|---|
| 003 | SGT | ||
| 082 | _a342.0954,VER | ||
| 100 | _aVERMA,PREETI | ||
| 245 | _aTHE TERROR OF POTA AND OTHER SECURITY LEGISLATION | ||
| 260 |
_aNEW DELHI _bHUMAN LAW HOUSE _c2004 |
||
| 300 | _a629 | ||
| 650 | _aCONSTITUTION LAW OF INDIA | ||
| 942 |
_2ddc _cBK |
||
| 999 |
_c9684 _d9684 |
||